Cấu tạo máy kéo và ô tô; T1
Sparad:
| Huvudupphovsman: | |
|---|---|
| Materialtyp: | Bok |
| Språk: | Undetermined |
| Publicerad: |
Hà Nội
Nông thôn
1976
|
| Ämnen: | |
| Taggar: |
Lägg till en tagg
Inga taggar, Lägg till första taggen!
|
| Thư viện lưu trữ: | Trung tâm Học liệu Trường Đại học Cần Thơ |
|---|
| LEADER | 00609nam a2200181Ia 4500 | ||
|---|---|---|---|
| 001 | CTU_14638 | ||
| 008 | 210402s9999 xx 000 0 und d | ||
| 082 | |a 629.22 | ||
| 082 | |b Tr561/T1 | ||
| 100 | |a Trường Đại học Nông nghiệp I Hà Nội | ||
| 245 | 0 | |a Cấu tạo máy kéo và ô tô; T1 | |
| 245 | 0 | |c Trường Đại học Nông nghiệp I Hà Nội | |
| 260 | |a Hà Nội | ||
| 260 | |b Nông thôn | ||
| 260 | |c 1976 | ||
| 650 | |a automobile,tractors | ||
| 904 | |i Nguyễn Quang Điền, 970106 | ||
| 980 | |a Trung tâm Học liệu Trường Đại học Cần Thơ | ||